[Event "TCh-RUS Women 2022"]
[Site "Sochi RUS"]
[Date "2022.05.01"]
[Round "1.1"]
[Board "1"]
[White "Lagno, Kateryna"]
[Black "Strutinskaia, Galina"]
[Result "1-0"]
[WhiteTitle "GM"]
[BlackTitle "WGM"]
[WhiteElo "2550"]
[BlackElo "2125"]
[WhiteTeam "Shakhmatnaya sbornaya Moskvy"]
[BlackTeam "Veterany Rossii (g. Moskva)"]
[WhiteFideId "14109336"]
[BlackFideId "4108558"]
[EventDate "2022.05.01"]

1. e4 c5 2. Nf3 Nc6 3. Bb5 g6 4. Bxc6 bxc6 5. O-O Bg7 6. Re1 e5 7. c3 d6 8. d4
cxd4 9. cxd4 Bg4 10. dxe5 dxe5 11. Nbd2 Ne7 12. h3 Be6 13. Qc2 O-O 14. b3 f6 15.
Ba3 Rf7 16. Nc4 Bf8 17. Red1 Qc7 18. Bd6 Qb7 19. Bc5 Qa6 20. Nd6 Rg7 21. b4 g5
22. a4 g4 23. hxg4 Rxg4 24. Qd2 Nc8 25. Ne8 1-0

[Event "TCh-RUS Women 2022"]
[Site "Sochi RUS"]
[Date "2022.05.01"]
[Round "1.1"]
[Board "2"]
[White "Saunina, Ludmila"]
[Black "Shuvalova, Polina"]
[Result "0-1"]
[WhiteTitle "WGM"]
[BlackTitle "IM"]
[WhiteElo "1997"]
[BlackElo "2493"]
[WhiteTeam "Veterany Rossii (g. Moskva)"]
[BlackTeam "Shakhmatnaya sbornaya Moskvy"]
[WhiteFideId "4108698"]
[BlackFideId "24171760"]
[EventDate "2022.05.01"]

1. d4 Nf6 2. Nf3 d5 3. c4 e6 4. e3 b6 5. Bd3 dxc4 6. Bxc4 Bb7 7. O-O Nbd7 8. Nc3
Be7 9. Qe2 c5 10. dxc5 Bxc5 11. e4 Qb8 12. h3 O-O 13. Bd3 Rd8 14. a3 Ne5 15.
Nxe5 Qxe5 16. Be3 Nh5 17. Rad1 Nf4 18. Bxf4 Qxf4 19. Qd2 Qe5 20. Qe1 h5 21. Kh1
Bd4 22. Rc1 Rac8 23. f4 Qa5 24. Bb1 Bxc3 25. Rxc3 Rxc3 26. Qxc3 Qxc3 27. bxc3 h4
28. Kg1 Kf8 29. f5 Ba6 30. Rc1 Ke7 31. fxe6 fxe6 32. Kf2 Rd2+ 33. Kf3 g5 34. g3
hxg3 35. Kxg3 Kf6 36. c4 Rb2 37. a4 Rb3+ 38. Kg2 Bb7 39. Rf1+ Ke5 40. Rf7 Bc6
41. Rf1 Rxb1 0-1

[Event "TCh-RUS Women 2022"]
[Site "Sochi RUS"]
[Date "2022.05.01"]
[Round "1.1"]
[Board "3"]
[White "Bivol, Alina"]
[Black "Kozlovskaya, Valentina"]
[Result "1-0"]
[WhiteTitle "IM"]
[BlackTitle "WGM"]
[WhiteElo "2370"]
[BlackElo "2131"]
[WhiteTeam "Shakhmatnaya sbornaya Moskvy"]
[BlackTeam "Veterany Rossii (g. Moskva)"]
[WhiteFideId "4100123"]
[BlackFideId "4107098"]
[EventDate "2022.05.01"]

1. e4 c5 2. Nf3 e6 3. d4 cxd4 4. Nxd4 Nc6 5. Nxc6 bxc6 6. c4 d6 7. Nc3 Nf6 8.
Be2 Be7 9. Be3 O-O 10. O-O Qc7 11. Rc1 Rb8 12. b3 a6 13. f4 Ne8 14. Qe1 f5 15.
Bf3 Nf6 16. Kh1 Kh8 17. Qe2 Ng8 18. Bg1 Bf6 19. Na4 Bd7 20. e5 dxe5 21. fxe5 Be7
22. c5 Be8 23. Qxa6 Qxe5 24. Bxc6 1-0

[Event "TCh-RUS Women 2022"]
[Site "Sochi RUS"]
[Date "2022.05.01"]
[Round "1.1"]
[Board "4"]
[White "Titorenko, Natalia I"]
[Black "Borisova, Ekaterina"]
[Result "0-1"]
[WhiteTitle "WIM"]
[BlackTitle "FM"]
[WhiteElo "2077"]
[BlackElo "2248"]
[WhiteTeam "Veterany Rossii (g. Moskva)"]
[BlackTeam "Shakhmatnaya sbornaya Moskvy"]
[WhiteFideId "4110129"]
[BlackFideId "34124184"]
[EventDate "2022.05.01"]

1. e4 g6 2. d4 Bg7 3. Nc3 d5 4. Nxd5 c6 5. Ne3 Qxd4 6. Qxd4 Bxd4 7. c3 Bg7 8. f3
Nd7 9. Nc4 Nc5 10. Be3 Ne6 11. O-O-O Nf6 12. h4 h6 13. g4 O-O 14. Ne2 Nd7 15.
Ng3 Ne5 16. Nxe5 Bxe5 17. Ne2 Bg7 18. f4 Nc7 19. f5 h5 20. gxh5 gxf5 21. Rg1 Kh8
22. Ng3 fxe4 23. Nxe4 Nd5 24. Bg5 Bf5 25. Bd3 Bh7 26. Bb1 Be5 27. Rdf1 f6 28.
Bd2 Rg8 29. c4 Rxg1 30. Rxg1 Nf4 31. h6 Ne2+ 0-1

[Event "TCh-RUS Women 2022"]
[Site "Sochi RUS"]
[Date "2022.05.01"]
[Round "1.2"]
[Board "1"]
[White "Shkalova, Margarita"]
[Black "Pogonina, Natalija"]
[Result "1/2-1/2"]
[WhiteTitle "WIM"]
[BlackTitle "WGM"]
[WhiteElo "2155"]
[BlackElo "2472"]
[WhiteTeam "Bukavushki (Samarskaya oblast)"]
[BlackTeam "Yugra (KhMAO - Yugra)"]
[WhiteFideId "4189949"]
[BlackFideId "4147855"]
[EventDate "2022.05.01"]

1. d4 Nf6 2. c4 e6 3. g3 d5 4. Bg2 Bb4+ 5. Nd2 O-O 6. Nf3 b6 7. O-O Bb7 8. Ne5
Qc8 9. cxd5 Bxd5 10. Bxd5 exd5 11. Ndf3 Bd6 12. Bf4 Qe6 13. Nd3 c5 14. Be5 Nbd7
15. Qa4 Rfc8 16. Nf4 Qe7 17. Bxd6 Qxd6 18. dxc5 bxc5 19. Rfd1 Nb6 20. Qc2 Qe7
21. a4 d4 22. Rac1 h6 23. a5 Nbd5 24. Nxd5 Nxd5 25. Qf5 Nf6 26. b4 c4 27. Rxd4
Qxb4 28. Ne5 Qxa5 29. Rdxc4 Rxc4 30. Rxc4 Re8 31. Rc8 Qb5 32. Rxe8+ Qxe8 33. e3
a5 34. Nc4 a4 35. Qa5 Ne4 36. Nb2 Qc8 37. Qxa4 Qc1+ 38. Kg2 Nxf2 39. Kxf2 Qxb2+
40. Kf3 g5 41. h4 Qf6+ 42. Kg2 Qf5 43. hxg5 hxg5 44. g4 Qd5+ 45. Kf2 Qd2+ 46.
Kf3 Qd5+ 47. Kf2 Qd2+ 48. Kf3 Qd5+ 49. Kf2 Qd2+ 50. Kf3 1/2-1/2

[Event "TCh-RUS Women 2022"]
[Site "Sochi RUS"]
[Date "2022.05.01"]
[Round "1.2"]
[Board "2"]
[White "Girya, Olga"]
[Black "Chigaeva, Anastasia"]
[Result "1-0"]
[WhiteTitle "GM"]
[BlackTitle "WFM"]
[WhiteElo "2408"]
[BlackElo "2148"]
[WhiteTeam "Yugra (KhMAO - Yugra)"]
[BlackTeam "Bukavushki (Samarskaya oblast)"]
[WhiteFideId "4195752"]
[BlackFideId "24131008"]
[EventDate "2022.05.01"]

1. d4 d5 2. c4 c6 3. Nf3 Nf6 4. e3 Bf5 5. Nc3 e6 6. Nh4 Be4 7. f3 Bg6 8. Qb3 Qc7
9. Bd2 Be7 10. cxd5 cxd5 11. O-O-O Nc6 12. Nxg6 hxg6 13. Kb1 a6 14. Rc1 Rc8 15.
Bd3 Nd7 16. Ne2 Qb6 17. Qd1 Ba3 18. Rc2 Na7 19. Rxc8+ Nxc8 20. Bc1 Bb4 21. h4
Ne7 22. g4 Kd8 23. h5 g5 24. e4 f6 25. f4 gxf4 26. Nxf4 Kc8 27. exd5 exd5 28.
Qb3 Kb8 29. Nxd5 Nxd5 30. Qxd5 Rd8 31. Qe4 Bc3 32. d5 Be5 33. Qc4 Rc8 34. Qb3
Qd6 35. Bf5 Rc5 36. Be6 Rb5 37. Qe3 Nc5 38. h6 gxh6 39. Rxh6 Qb6 40. b3 Nxe6 41.
Qxb6 Rxb6 42. dxe6 Rxe6 43. g5 Kc7 44. g6 Re8 45. Rh7+ Kc6 46. Rf7 Rg8 47. g7 f5
48. Bh6 f4 49. Rf8 Rxg7 50. Bxg7 Bxg7 51. Rxf4 a5 52. Rc4+ Kb6 53. Kc2 Bf8 54.
a4 Bc5 55. Kd3 Kc6 56. Rg4 b6 57. Kc4 Bf2 58. Rg6+ Kc7 59. Kb5 Bd4 60. Rc6+ Kb7
61. Rd6 Bf2 62. Rd7+ Kb8 63. Ka6 1-0

[Event "TCh-RUS Women 2022"]
[Site "Sochi RUS"]
[Date "2022.05.01"]
[Round "1.2"]
[Board "3"]
[White "Sazonova, Elena N."]
[Black "Garifullina, Leya"]
[Result "0-1"]
[WhiteTitle "WIM"]
[BlackTitle "WGM"]
[WhiteElo "2102"]
[BlackElo "2402"]
[WhiteTeam "Bukavushki (Samarskaya oblast)"]
[BlackTeam "Yugra (KhMAO - Yugra)"]
[WhiteFideId "4109767"]
[BlackFideId "34127035"]
[EventDate "2022.05.01"]

1. e4 c5 2. Nf3 d6 3. d4 cxd4 4. Nxd4 Nf6 5. Nc3 a6 6. Be3 e5 7. Nb3 Be6 8. f3
h5 9. Nd5 Bxd5 10. exd5 Nbd7 11. Qd2 g6 12. Be2 Bg7 13. Rc1 O-O 14. O-O b6 15.
c4 a5 16. Na1 e4 17. f4 Ng4 18. Bd4 f5 19. Bxg7 Kxg7 20. Nc2 Nc5 21. h3 Nf6 22.
Qe3 h4 23. Nd4 Re8 24. b3 Nfd7 25. a3 Nf8 26. Nb5 Kg8 27. Nd4 Qf6 28. Rb1 Kg7
29. Rfd1 Kg8 30. Rf1 Re7 31. Nc6 Rg7 32. Qd4 Kf7 33. Qxf6+ Kxf6 34. Nd4 Re7 35.
b4 axb4 36. axb4 Nd3 37. Rb3 Ra2 38. Bxd3 exd3 39. Rxd3 Rb2 40. b5 Re4 41. Rfd1
Nd7 42. Rf3 Nc5 43. Ne6 Rxc4 44. Nd4 Rbb4 45. Ne2 Rxb5 46. Re3 Rb2 47. g4 hxg3
48. Nxg3 Rxf4 49. Ra1 Rd4 50. Ra8 Rd1+ 51. Nf1 Ne4 52. Re8 Rbb1 0-1

[Event "TCh-RUS Women 2022"]
[Site "Sochi RUS"]
[Date "2022.05.01"]
[Round "1.2"]
[Board "4"]
[White "Guseva, Marina"]
[Black "Trapeznikova, Darya"]
[Result "1-0"]
[WhiteTitle "IM"]
[BlackTitle "WFM"]
[WhiteElo "2365"]
[BlackElo "2072"]
[WhiteTeam "Yugra (KhMAO - Yugra)"]
[BlackTeam "Bukavushki (Samarskaya oblast)"]
[WhiteFideId "4149351"]
[BlackFideId "24121118"]
[EventDate "2022.05.01"]

1. d4 d5 2. c4 e6 3. Nf3 c6 4. Nc3 dxc4 5. a4 Bb4 6. e3 b5 7. Bd2 a5 8. axb5
Bxc3 9. Bxc3 cxb5 10. b3 Bb7 11. bxc4 b4 12. Bb2 Nf6 13. Bd3 Nbd7 14. O-O O-O
15. Nd2 Qc7 16. Bc2 e5 17. d5 Rfc8 18. Rc1 Qd6 19. f4 exf4 20. Rxf4 Re8 21. Bd4
Ne5 22. Ba4 Re7 23. Nf3 Nfd7 24. Nxe5 Nxe5 25. Rf2 Rc8 26. Rfc2 Ba6 27. Bb3 Qh6
28. c5 Nd3 29. d6 Rxe3 30. Bxe3 Qxe3+ 31. Kh1 Nxc1 32. d7 Rd8 33. c6 Nxb3 34. c7
Rxd7 35. c8=Q+ Bxc8 36. Rxc8+ 1-0

[Event "TCh-RUS Women 2022"]
[Site "Sochi RUS"]
[Date "2022.05.02"]
[Round "2.1"]
[Board "1"]
[White "Bodnaruk, Anastasia"]
[Black "Lagno, Kateryna"]
[Result "1/2-1/2"]
[WhiteTitle "IM"]
[BlackTitle "GM"]
[WhiteElo "2396"]
[BlackElo "2550"]
[WhiteTeam "SShOR po shakhmatam i shashkam - 1 (g. Sankt-"]
[BlackTeam "Shakhmatnaya sbornaya Moskvy"]
[WhiteFideId "4181751"]
[BlackFideId "14109336"]
[EventDate "2022.05.01"]

1. e4 e5 2. Nf3 Nc6 3. Bb5 a6 4. Ba4 d6 5. O-O Bd7 6. c3 g6 7. d4 Bg7 8. d5 Nce7
9. Bxd7+ Qxd7 10. c4 h6 11. Nc3 f5 12. Ne1 Nf6 13. f3 O-O 14. Nd3 Rf7 15. Bd2
Raf8 16. c5 c6 17. Qb3 fxe4 18. fxe4 cxd5 19. exd5 Nf5 20. Rae1 e4 21. Nf4 e3
22. Bc1 Nd4 23. Qc4 Ng4 24. Nxg6 Rxf1+ 25. Rxf1 Rf2 26. c6 e2 27. Nxe2 Nxe2+ 28.
Qxe2 Rxe2 29. cxd7 Bd4+ 30. Kh1 Nf2+ 31. Kg1 Nh3+ 32. Kh1 Nf2+ 33. Kg1 Nh3+ 34.
Kh1 1/2-1/2

[Event "TCh-RUS Women 2022"]
[Site "Sochi RUS"]
[Date "2022.05.02"]
[Round "2.1"]
[Board "2"]
[White "Shuvalova, Polina"]
[Black "Chernyak, Viktoria"]
[Result "1/2-1/2"]
[WhiteTitle "IM"]
[BlackTitle "WGM"]
[WhiteElo "2493"]
[BlackElo "2263"]
[WhiteTeam "Shakhmatnaya sbornaya Moskvy"]
[BlackTeam "SShOR po shakhmatam i shashkam - 1 (g. Sankt-"]
[WhiteFideId "24171760"]
[BlackFideId "24165956"]
[EventDate "2022.05.01"]

1. e4 c6 2. d4 d5 3. e5 Bf5 4. Nf3 e6 5. Be2 Nd7 6. O-O a6 7. a4 h6 8. a5 Qc7 9.
c4 dxc4 10. Nbd2 Ne7 11. Nxc4 Nd5 12. Ne3 Be4 13. Bd3 Bxd3 14. Qxd3 Rd8 15. Nxd5
cxd5 16. Bd2 Nb8 17. h4 Nc6 18. h5 Na7 19. Rac1 Qd7 20. Ne1 Qb5 21. Qe3 Nc6 22.
Nd3 Nxa5 23. Bxa5 Qxa5 24. Qg3 Qb6 25. Qg4 Rg8 26. Rfd1 Be7 27. g3 g6 28. Rc3
Kf8 29. Nc5 Bxc5 30. Rxc5 gxh5 31. Qxh5 Rg6 32. Qh4 Rd7 33. Rd2 Kg7 34. Rc8 Rc7
35. Rc2 Rxc2 36. Rxc2 Qb3 37. Rc8 Rg5 38. Qf4 Qd1+ 39. Kg2 Rf5 40. Qe3 Rh5 41.
Rc1 Qg4 42. Re1 Qh3+ 43. Kf3 Rh4 44. Qd3 b5 45. b4 Qg4+ 46. Kg2 Qh3+ 47. Kf3 Kg8
48. Re3 Qg4+ 49. Kg2 Rh5 50. Qd2 Kg7 51. Qd3 Qh3+ 52. Kf3 Qh1+ 53. Ke2 Qa1 54.
Qd2 Rh1 55. Rc3 Qf1+ 56. Kf3 Qd1+ 57. Qxd1 Rxd1 58. Ke3 Ra1 59. g4 Kg6 60. f3
Re1+ 61. Kd3 Rb1 62. Ra3 Rxb4 63. Rxa6 Rc4 64. Rb6 b4 65. Ke3 Rc3+ 66. Kf4 b3
67. Kg3 Rd3 68. Rb7 Rc3 69. Rb6 h5 70. gxh5+ Kxh5 71. Rb8 Rd3 72. Rb7 Kg6 73.
Rb6 Kf5 74. Rb4 b2 75. Rxb2 Rxd4 76. Rb7 Kxe5 77. Rxf7 Ra4 78. Kf2 Ra2+ 79. Ke3
Ra3+ 80. Ke2 Kd4 81. Rf4+ Kc5 82. Rf6 e5 83. Rh6 Kc4 84. Rc6+ Kd4 85. Rd6 Ra2+
86. Kf1 Rd2 87. Re6 Rh2 88. Re8 Ra2 89. Re7 Ra1+ 90. Kf2 Ra2+ 91. Kf1 Ra1+ 92.
Kf2 Rh1 93. Re8 Rh5 94. Ke2 Rf5 95. Ra8 Rf6 96. Re8 Rb6 97. Kf2 Rb2+ 98. Kf1 Rc2
99. Re7 Rc8 100. Ke2 Rh8 101. Re6 Rh4 102. Kf2 Rf4 103. Kg3 Rf8 104. Re7 e4 105.
fxe4 dxe4 106. Ra7 Rf3+ 107. Kg2 Rb3 108. Kf2 Rb2+ 109. Ke1 Ke3 110. Ra3+ Kf4
111. Rc3 Rh2 112. Ra3 Rh1+ 113. Ke2 Rb1 114. Rc3 Rb2+ 115. Ke1 e3 116. Rc8 1/2-1/2

[Event "TCh-RUS Women 2022"]
[Site "Sochi RUS"]
[Date "2022.05.02"]
[Round "2.1"]
[Board "3"]
[White "Styazhkina, Anna"]
[Black "Voit, Daria"]
[Result "0-1"]
[WhiteTitle "WIM"]
[BlackTitle "WGM"]
[WhiteElo "2179"]
[BlackElo "2350"]
[WhiteTeam "SShOR po shakhmatam i shashkam - 1 (g. Sankt-"]
[BlackTeam "Shakhmatnaya sbornaya Moskvy"]
[WhiteFideId "24119300"]
[BlackFideId "4182146"]
[EventDate "2022.05.01"]

1. e4 e5 2. Nf3 Nc6 3. Bc4 Bc5 4. c3 Nf6 5. d3 O-O 6. O-O d5 7. exd5 Nxd5 8.
Nbd2 Nb6 9. Ne4 Nxc4 10. Nxc5 Nd6 11. Re1 Bg4 12. h3 Bh5 13. Ne4 Nxe4 14. dxe4
Qxd1 15. Rxd1 Bxf3 16. gxf3 Rfd8 17. Be3 f6 18. Rd5 Ne7 19. Rb5 b6 20. a4 g5 21.
a5 Nc6 22. axb6 axb6 23. Rxa8 Rxa8 24. Rd5 Rd8 25. b4 Kf7 26. Kf1 Rxd5 27. exd5
Ne7 28. c4 b5 29. cxb5 Nxd5 30. Bd2 Ke6 31. Ke2 Nf4+ 32. Bxf4 exf4 33. Kd3 Kd5
34. Kc3 f5 35. Kd3 h6 36. Kc3 h5 37. Kd3 h4 0-1

[Event "TCh-RUS Women 2022"]
[Site "Sochi RUS"]
[Date "2022.05.02"]
[Round "2.1"]
[Board "4"]
[White "Borisova, Ekaterina"]
[Black "Yurasova, Daria"]
[Result "1/2-1/2"]
[WhiteTitle "FM"]
[BlackTitle "WFM"]
[WhiteElo "2248"]
[BlackElo "2075"]
[WhiteTeam "Shakhmatnaya sbornaya Moskvy"]
[BlackTeam "SShOR po shakhmatam i shashkam - 1 (g. Sankt-"]
[WhiteFideId "34124184"]
[BlackFideId "34146919"]
[EventDate "2022.05.01"]

1. Nf3 d5 2. g3 Nf6 3. Bg2 Bf5 4. O-O e6 5. d3 h6 6. c4 c6 7. cxd5 cxd5 8. Nc3
Nc6 9. Qb3 a6 10. Bf4 g5 11. e4 Bh7 12. Be5 Nxe5 13. Nxe5 Bd6 14. d4 Bxe5 15.
dxe5 Nxe4 16. Bxe4 Bxe4 17. Nxe4 dxe4 18. Rfd1 Qe7 19. Qa4+ b5 20. Qxe4 O-O 21.
Rd6 Rac8 22. Rad1 Qa7 23. b3 a5 24. h4 Qc5 25. R1d4 Qc2 26. hxg5 hxg5 27. Rd3
Rc5 28. Kg2 Kg7 29. Qe3 Kg6 30. Qe4+ Kg7 31. Qe3 Kg6 32. Rd8 Rxd8 33. Rxd8 Rc8
34. Rxc8 Qxc8 35. Qd3+ Kg7 36. Qxb5 Qc2 37. Qxa5 Qe4+ 38. Kf1 Qh1+ 39. Ke2 Qe4+
40. Kd1 Qf3+ 41. Ke1 Qe4+ 42. Kf1 Qh1+ 43. Ke2 Qe4+ 44. Kd2 Qd4+ 45. Ke2 1/2-1/2

[Event "TCh-RUS Women 2022"]
[Site "Sochi RUS"]
[Date "2022.05.02"]
[Round "2.2"]
[Board "1"]
[White "Pogonina, Natalija"]
[Black "Lysenko, Margarita"]
[Result "1-0"]
[WhiteTitle "WGM"]
[BlackTitle "WFM"]
[WhiteElo "2472"]
[BlackElo "2285"]
[WhiteTeam "Yugra (KhMAO - Yugra)"]
[BlackTeam "Moskovskaya oblast"]
[WhiteFideId "4147855"]
[BlackFideId "34100200"]
[EventDate "2022.05.01"]

1. Nf3 Nf6 2. c4 e6 3. g3 d5 4. Bg2 Be7 5. O-O O-O 6. b3 c5 7. cxd5 Nxd5 8. Bb2
Nc6 9. Na3 b6 10. Nc4 Bb7 11. Rc1 Rc8 12. a3 b5 13. Nce5 Nxe5 14. Nxe5 f6 15.
Nf3 Nb6 16. h4 Qd7 17. h5 e5 18. d3 Rc7 19. Qc2 Bd5 20. e4 Bf7 21. h6 g5 22. d4
g4 23. Nh4 exd4 24. Nf5 Bd8 25. Qd1 Bh5 26. Bh3 Qe8 27. Bxg4 Qxe4 28. Bxh5 Qxf5
29. Be2 Qg5 30. Bxb5 Qxh6 31. b4 cxb4 32. Qb3+ Kh8 33. Qxb4 Be7 34. Qxd4 Rxc1
35. Rxc1 Qh5 36. Bd3 Bd8 37. Qd6 Qf7 38. Re1 Bc7 39. Qe7 Nd5 40. Qxf7 Rxf7 41.
Bc4 Rd7 42. Bxd5 Rxd5 43. Re8+ 1-0

[Event "TCh-RUS Women 2022"]
[Site "Sochi RUS"]
[Date "2022.05.02"]
[Round "2.2"]
[Board "2"]
[White "Sudakova, Irina"]
[Black "Girya, Olga"]
[Result "1/2-1/2"]
[WhiteTitle "WGM"]
[BlackTitle "GM"]
[WhiteElo "2287"]
[BlackElo "2408"]
[WhiteTeam "Moskovskaya oblast"]
[BlackTeam "Yugra (KhMAO - Yugra)"]
[WhiteFideId "4129903"]
[BlackFideId "4195752"]
[EventDate "2022.05.01"]

1. e4 e5 2. Nf3 Nc6 3. Bb5 a6 4. Ba4 Nf6 5. O-O Be7 6. Re1 b5 7. Bb3 d6 8. c3
O-O 9. h3 Bb7 10. d4 Re8 11. Ng5 Rf8 12. Nf3 Re8 13. Ng5 Rf8 14. Nf3 Re8 15. Ng5
Rf8 16. Nf3 Re8 17. Ng5 Rf8 18. Nf3 1/2-1/2

[Event "TCh-RUS Women 2022"]
[Site "Sochi RUS"]
[Date "2022.05.02"]
[Round "2.2"]
[Board "3"]
[White "Garifullina, Leya"]
[Black "Smirnova, Ekaterina"]
[Result "1-0"]
[WhiteTitle "WGM"]
[BlackTitle "WIM"]
[WhiteElo "2402"]
[BlackElo "2182"]
[WhiteTeam "Yugra (KhMAO - Yugra)"]
[BlackTeam "Moskovskaya oblast"]
[WhiteFideId "34127035"]
[BlackFideId "4110943"]
[EventDate "2022.05.01"]

1. e4 e6 2. d4 d5 3. Nc3 Bb4 4. e5 c5 5. a3 Bxc3+ 6. bxc3 Ne7 7. Qg4 Qc7 8. Qxg7
Rg8 9. Qxh7 cxd4 10. Ne2 Nbc6 11. f4 dxc3 12. Qd3 d4 13. Nxd4 Nxd4 14. Qxd4 Bd7
15. Rg1 Nf5 16. Qf2 Qc6 17. Bd3 Qd5 18. Be3 Nxe3 19. Qxe3 Rxg2 20. Rxg2 Qxg2 21.
Be4 Qxh2 22. O-O-O Rc8 23. Kb1 Bc6 24. Qd4 Bd5 25. Bxd5 exd5 26. Qxd5 Qh3 27.
Qxb7 Qg4 28. Rh1 Qd7 29. Rh8+ Ke7 30. Qxd7+ Kxd7 31. Rxc8 Kxc8 32. Ka2 Kd7 33.
Kb3 Ke6 34. Kxc3 Kf5 35. Kd4 Kxf4 36. c4 1-0

[Event "TCh-RUS Women 2022"]
[Site "Sochi RUS"]
[Date "2022.05.02"]
[Round "2.2"]
[Board "4"]
[White "Usacheva, Glafira"]
[Black "Kovanova, Baira"]
[Result "1/2-1/2"]
[BlackTitle "WGM"]
[WhiteElo "1841"]
[BlackElo "2317"]
[WhiteTeam "Moskovskaya oblast"]
[BlackTeam "Yugra (KhMAO - Yugra)"]
[WhiteFideId "34119741"]
[BlackFideId "4164083"]
[EventDate "2022.05.01"]

1. e4 e5 2. Nf3 Nc6 3. Bb5 a6 4. Ba4 Nf6 5. O-O Be7 6. d3 b5 7. Bb3 O-O 8. a3 d6
9. Nc3 Be6 10. Nd5 Bxd5 11. exd5 Nd4 12. Nxd4 exd4 13. Re1 Nd7 14. c3 Bf6 15.
Bd2 Rb8 16. Rc1 Nc5 17. Bc2 Na4 18. Bxa4 bxa4 19. Qc2 Rb3 20. c4 Qd7 21. Re4 c6
22. dxc6 Qxc6 23. Bb4 Rb8 24. Rce1 h6 25. Qe2 Kh7 26. Qh5 g6 27. Qf3 Kg7 28. h4
Rxb2 29. Qf4 Be5 30. Qf3 Rb7 31. h5 g5 32. Qg4 Qd7 33. Qf3 f6 34. g3 Qf7 35. Qd1
f5 36. R4e2 Rb3 37. c5 dxc5 38. Bxc5 Bf6 39. Re8 Rb1 40. Qxa4 Rxe1+ 41. Rxe1
Qxh5 42. Bxd4 Qf7 43. Bc5 Qd5 44. Qxa6 Rf7 45. d4 f4 46. Qe6 Qf3 47. Qe2 Qc3 48.
gxf4 gxf4 49. Kh2 Qb3 50. Rg1+ Bg5 51. Qe5+ Kg6 52. Be7 Rf5 53. Qe4 Qf7 54. Bd8
Kg7 55. Qe7 Rd5 56. Qxf7+ Kxf7 57. Bb6 Rb5 58. Bc5 Ke6 59. Kg2 Rb2 60. Kf3 Kd5
61. Rh1 Rb3+ 62. Kg4 Rb2 63. Rf1 Ra2 64. Kf5 Bh4 65. Kxf4 Rxf2+ 66. Rxf2 Bxf2 1/2-1/2

[Event "TCh-RUS Women 2022"]
[Site "Sochi RUS"]
[Date "2022.05.03"]
[Round "3.1"]
[Board "1"]
[White "Lagno, Kateryna"]
[Black "Pogonina, Natalija"]
[Result "1/2-1/2"]
[WhiteTitle "GM"]
[BlackTitle "WGM"]
[WhiteElo "2550"]
[BlackElo "2472"]
[WhiteTeam "Shakhmatnaya sbornaya Moskvy"]
[BlackTeam "Yugra (KhMAO - Yugra)"]
[WhiteFideId "14109336"]
[BlackFideId "4147855"]
[EventDate "2022.05.01"]

1. e4 e5 2. Nf3 Nc6 3. Nc3 Nf6 4. d4 exd4 5. Nxd4 Bb4 6. Nxc6 bxc6 7. Bd3 O-O 8.
O-O d5 9. exd5 cxd5 10. Bg5 c6 11. Qf3 Bd6 12. Rae1 Rb8 13. Nd1 h6 14. Bxf6 Qxf6
15. Qxf6 gxf6 16. b3 Be6 17. Ne3 Bb4 18. Rd1 d4 19. Nf5 Bxf5 20. Bxf5 c5 21. Rd3
Rfe8 22. Rg3+ Kh8 23. Bd3 Rb7 24. Rf3 Kg7 25. g3 Re5 26. Kg2 Rbe7 27. Rf5 Rxf5
28. Bxf5 a5 29. Bd3 Re5 30. f4 Re3 31. Rf2 Re1 32. Re2 Ra1 33. a4 Re1 34. Kf3
Rxe2 35. Kxe2 Kf8 36. Kf3 Ba3 37. Bc4 Bb4 38. Ke4 Ba3 39. Kf5 Kg7 40. Be2 Bb4
41. Bc4 Ba3 42. Bd5 1/2-1/2

[Event "TCh-RUS Women 2022"]
[Site "Sochi RUS"]
[Date "2022.05.03"]
[Round "3.1"]
[Board "2"]
[White "Girya, Olga"]
[Black "Shuvalova, Polina"]
[Result "1/2-1/2"]
[WhiteTitle "GM"]
[BlackTitle "IM"]
[WhiteElo "2408"]
[BlackElo "2493"]
[WhiteTeam "Yugra (KhMAO - Yugra)"]
[BlackTeam "Shakhmatnaya sbornaya Moskvy"]
[WhiteFideId "4195752"]
[BlackFideId "24171760"]
[EventDate "2022.05.01"]

1. d4 Nf6 2. c4 e6 3. Nc3 Bb4 4. e3 O-O 5. Bd3 d5 6. a3 Bxc3+ 7. bxc3 dxc4 8.
Bxc4 c5 9. Nf3 Qc7 10. Be2 Rd8 11. Bb2 b6 12. O-O Bb7 13. Re1 Nc6 14. c4 Rac8
15. Bf1 Ne7 16. Ne5 Ng6 17. Nxg6 hxg6 18. a4 cxd4 19. exd4 Qf4 20. Qc1 Qh4 21.
Qe3 Ng4 22. Qg3 Qxg3 23. hxg3 Nh6 24. a5 Nf5 25. axb6 axb6 26. Ra7 Bc6 27. Rd1
Ra8 28. Rxa8 Rxa8 29. d5 exd5 30. cxd5 Rd8 31. g4 Ne7 32. d6 Nd5 33. Ba3 b5 34.
Rc1 b4 35. Rxc6 bxa3 36. Ra6 Nf6 37. f3 g5 38. Bb5 a2 39. Rxa2 Rxd6 40. Ra8+ Kh7
41. Ra7 Kg8 42. Bc4 Rd7 43. Ra8+ Kh7 44. Ra5 Kh6 45. Kf2 g6 46. Ke3 Nh7 47. Re5
Kg7 48. g3 Kf6 49. Ra5 Kg7 50. Re5 Kf6 51. Ra5 1/2-1/2

[Event "TCh-RUS Women 2022"]
[Site "Sochi RUS"]
[Date "2022.05.03"]
[Round "3.1"]
[Board "3"]
[White "Bivol, Alina"]
[Black "Garifullina, Leya"]
[Result "1/2-1/2"]
[WhiteTitle "IM"]
[BlackTitle "WGM"]
[WhiteElo "2370"]
[BlackElo "2402"]
[WhiteTeam "Shakhmatnaya sbornaya Moskvy"]
[BlackTeam "Yugra (KhMAO - Yugra)"]
[WhiteFideId "4100123"]
[BlackFideId "34127035"]
[EventDate "2022.05.01"]

1. e4 c5 2. c3 d5 3. exd5 Qxd5 4. d4 Nc6 5. Nf3 Nf6 6. dxc5 Qxd1+ 7. Kxd1 Bf5 8.
Be3 Nd5 9. Bb5 O-O-O 10. Ke2 e5 11. Nbd2 Nxe3 12. fxe3 Bxc5 13. e4 Bd7 14. b4
Bd6 15. Bd3 Rde8 16. Nc4 Bc7 17. Ne3 Ne7 18. Rhd1 h5 19. Bc4 f6 20. Nd5 h4 21.
h3 Ng6 22. Kf2 Nf4 23. Rd2 Bc6 24. Rad1 Bd8 25. Bb3 g5 26. a4 Nxd5 27. Bxd5 Bxa4
28. Ra1 Bc6 29. Bxc6 bxc6 30. Ke2 Rh7 31. Rda2 Kb8 32. Nd2 g4 33. hxg4 Rg8 34.
Kf3 h3 35. g3 Rd7 36. Nf1 Bb6 37. Rd2 h2 38. Kg2 Rxd2+ 39. Nxd2 Bg1 40. Nf3 Rh8
41. Nh4 Kc7 42. Rf1 Rg8 43. Nf3 Rxg4 44. Nxh2 Bxh2 45. Kxh2 Rxe4 46. Rxf6 Re3
47. Re6 Rxc3 48. Rxe5 Rc4 49. b5 cxb5 1/2-1/2